ბათუმის შოთა რუსთაველის სახელმწიფო უნივერსიტეტის ბიბლიოთეკა

XX საუკუნის ქართული ლიტერატურის ისტორიის ნარკვევები. წ.2 (ბიბ.ჩანაწერი № 43184)

000 -LEADER
fixed length control field 00841nam a2200217Ia 4500
001 - CONTROL NUMBER
control field 9906
003 - CONTROL NUMBER IDENTIFIER
control field GE_BSU
008 - FIXED-LENGTH DATA ELEMENTS--GENERAL INFORMATION
fixed length control field 181216s||||||||xx |||||||||||||| ||und||
040 ## - CATALOGING SOURCE
Transcribing agency GE_BSU
080 ## - UNIVERSAL DECIMAL CLASSIFICATION NUMBER
Universal Decimal Classification number 821.353.1.09
100 ## - MAIN ENTRY--PERSONAL NAME
Personal name ნიკოლეიშვილი,ავთანდილ
245 ## - TITLE STATEMENT
Title XX საუკუნის ქართული ლიტერატურის ისტორიის ნარკვევები. წ.2
245 ## - TITLE STATEMENT
Statement of responsibility, etc. რედ.რევაზ მიშველაძე
260 ## - PUBLICATION, DISTRIBUTION, ETC.
Place of publication, distribution, etc. ქუთაისი
260 ## - PUBLICATION, DISTRIBUTION, ETC.
Name of publisher, distributor, etc. მოწამეთა
260 ## - PUBLICATION, DISTRIBUTION, ETC.
Date of publication, distribution, etc. 1997
300 ## - PHYSICAL DESCRIPTION
Extent 480გვ.20სმ.
653 ## - INDEX TERM--UNCONTROLLED
Uncontrolled term XX საუკუნის ქართული ლიტერატურის ისტორიის ნარკვევები
942 ## - ADDED ENTRY ELEMENTS (KOHA)
Koha item type წიგნი
ეგზემპლარები
Withdrawn status Lost status Damaged status Not for loan Date acquired Barcode Date last seen Price effective from Koha item type
        2018-12-17 33195 2018-12-17 2018-12-17 წიგნი
        2018-12-17 33196 2018-12-17 2018-12-17 წიგნი